Metodología de la investigación (Registro nro. 6231)

Detalles MARC
000 -Cabecera
Campo de control de longitud fija 00915aam a2200325 4500
005 - Fecha y hora de la última transacción
Campo de control 20260316191837.0
008 - Elementos de longitud fija--Información general
Campo de control de longitud fija 150612b2010 xxu||||| |||| 00| 0 spa d
041 ## - Idioma
Código de idioma Español
082 ## - Clasificación Decimal Dewey
Número de clasificación 001.42 H557m5
100 ## - Entrada principal--Autor personal
Nombre personal Hernández Sampieri, Roberto
100 ## - Entrada principal--Autor personal
Nombre personal Fernández Collado, Carlos
100 ## - Entrada principal--Autor personal
Nombre personal Baptista Lucio, Pilar
245 ## - Título propiamente dicho
Título Metodología de la investigación
250 ## - Edición
Mención de edición 5 edición
260 ## - Pie de imprenta
Lugar de publicación, distribución, etc. México
260 ## - Pie de imprenta
Nombre del editor, distribuidor, etc. McGraw-Hill
260 ## - Pie de imprenta
Fecha de publicación, distribución, etc. 2010
300 ## - Descripción física
Extensión 656 páginas
490 ## - Serie
Título de la Serie Temática General
505 ## - Nota de contenido
Nota de contenido Contiene disco compacto N° 614<br/>Contiene capítulos del libro en PDF
650 ## - Materia general
Temática (materia general) MÉTODOS DE INVESTIGACIÓN
650 ## - Materia general
Temática (materia general) INVESTIGACIÓN
650 ## - Materia general
Temática (materia general) CIENCIAS SOCIALES
650 ## - Materia general
Temática (materia general) ANÁLISIS DE DATOS
650 ## - Materia general
Temática (materia general) MARCO TEÓRICO
650 ## - Materia general
Temática (materia general) FORMULACION DE HIPÓTESIS
650 ## - Materia general
Temática (materia general) DISEÑO DE INVESTIGACIÓN
650 ## - Materia general
Temática (materia general) DATOS
942 ## - Punto de acceso adicional KOHA
Tipo de ítem KOHA Libro
Fuente del sistema de clasificación o colocación Dewey Decimal Classification
Existencias
Signatura completa Código de barras Programa Académico Tipo de ítem
001.42 H557m5 16136 Temática General Libro
001.42 H557m5 16137 Temática General Libro
001.42 H557m5 16138 Temática General Libro
001.42 H557m5 16139 Temática General Libro
001.42 H557m5 17878 Temática General Libro
001.42 H557m5 17879 Temática General Libro
001.42 H557m5 17880 Temática General Libro
001.42 H557m5 614ADC   Disco Compacto
001.42 H557m5 614BDC   Disco Compacto
001.42 H557m5 614CDC   Disco Compacto
001.42 H557m5 614DDC   Disco Compacto
001.42 H557m5 614EDC   Disco Compacto
001.42 H557m5 614FDC   Disco Compacto
001.42 H557m5 614GDC   Disco Compacto